[Event "XXV Abierto Ciudad de Sevilla"]
[Site "?"]
[Date "2010.01.14"]
[Round "7"]
[White "Korneev, Oleg"]
[Black "Blanco, Cristobal"]
[Result "1/2-1/2"]
[WhiteElo "2573"]
[BlackElo "2379"]
[PlyCount "57"]
[EventDate "2010.01.06"]
[SourceDate "2010.01.08"]

1. e4 c5 2. c3 d5 3. exd5 Qxd5 4. d4 g6 5. Nf3 Nh6 6. Qb3 Qe4+ (6... Qxb3) 7.
Be3 Be6 (7... Ng4 8. Nbd2) 8. Nbd2 Qxe3+ (8... Qc6) 9. fxe3 Bxb3 10. Bb5+ Kd8
11. axb3 $18 e6 12. Ne4 cxd4 13. exd4 Be7 14. O-O Kc7 15. Nfg5 (15. Ne5) 15...
f5 16. Nxe6+ Kb6 17. Nd2 Kxb5 18. Nc7+ Kc6 19. Nxa8 Na6 $14 20. Rfe1 Bd6 21.
Nc4 Rxa8 22. Re6 Rd8 23. b4 Nc7 24. Rxd6+ Rxd6 25. Nxd6 Kxd6 26. Rxa7 b5 27.
Rb7 Ng4 28. Rb8 Nf6 29. b3 {Diagrama # Ilegible} 1/2-1/2

[Event "XXV Abierto Ciudad de Sevilla"]
[Site "?"]
[Date "2010.01.14"]
[Round "7"]
[White "Ivanov, Jordan"]
[Black "Starostits, Ilmars"]
[Result "1/2-1/2"]
[WhiteElo "2409"]
[BlackElo "2471"]
[PlyCount "96"]
[EventDate "2010.01.06"]
[SourceDate "2010.01.08"]

1. d4 d5 2. c4 dxc4 3. Nf3 c6 4. e3 Be6 5. Nbd2 Nf6 6. Bxc4 Bxc4 7. Nxc4 Nbd7
8. O-O g6 9. Re1 Bg7 10. e4 Nb6 11. b3 O-O 12. Bf4 Nh5 13. Be3 Nxc4 14. bxc4 c5
15. Rb1 cxd4 16. Nxd4 Qa5 17. Qe2 Rfd8 18. Nb3 Qe5 19. g3 Qxe4 20. Nc5 Qc6 21.
Nxb7 Rd7 22. Na5 Qa4 23. Nb3 Rc7 24. Rec1 e5 25. c5 Rd8 26. Rc2 Bf8 27. Qc4
Qxc4 28. Rxc4 f5 29. f3 Rd3 30. Kf2 Ng7 31. Ke2 Rd5 32. Rd1 Rxd1 33. Kxd1 Ne6
34. Ke2 Kf7 35. c6 Bd6 36. Ra4 Rxc6 37. Rxa7+ Kf6 38. Kd3 h5 39. Na5 Rc8 40.
Ra6 Ke7 41. Nc4 e4+ 42. fxe4 fxe4+ 43. Kc3 Be5+ 44. Kb4 $11 {Diagrama #} Nd4 $2
45. Rxg6 (45. Bg5+ Kf8 46. Nxe5) 45... Nc2+ 46. Kb3 Nd4+ 47. Kb4 Nc2+ 48. Kb3
Nd4+ 1/2-1/2

[Event "XXXV Abierto Ciudad de Sevilla"]
[Site "?"]
[Date "2010.01.13"]
[Round "6"]
[White "Lazaro Porta, Angel"]
[Black "Delgado Lagares, Francisco Javier"]
[Result "1-0"]
[WhiteElo "1979"]
[BlackElo "1696"]
[PlyCount "73"]
[EventDate "2010.01.11"]
[SourceDate "2010.01.08"]

1. d4 d5 2. Nf3 Nf6 3. c4 c6 4. Nc3 e6 5. Bf4 Nbd7 6. e3 Be7 7. h3 b6 8. Bd3
dxc4 9. Bxc4 O-O 10. O-O Bb7 11. Qe2 Nd5 12. Bh2 N7f6 13. Bd3 Bd6 14. Ne5 Nxc3
15. bxc3 c5 16. dxc5 $6 Bxc5 17. Rfd1 Qe7 18. Qc2 Rfd8 19. Bf4 Rac8 20. Bg5 h6
21. Bh4 g5 22. Bg3 Qe8 23. a4 Kf8 $6 24. Bb5 Be4 25. Qe2 Qe7 26. Rxd8+ Rxd8 27.
Nc6 $6 (27. Bc6 $16) 27... Bxc6 28. Bxc6 $11 Bd6 29. f4 Qc7 $6 (29... gxf4 30.
exf4 Qc7 $17) 30. Qf3 Nd5 31. Bxd5 exd5 32. Rf1 Re8 33. Qh5 Re6 {Diagrama #}
34. fxg5 $2 (34. Rf3) 34... hxg5 $4 (34... Bxg3 35. gxh6 Kg8 $19) 35. Bxd6+ $18
Rxd6 36. Qh8+ Ke7 37. Rxf7+ 1-0

[Event "XXXV Abierto Ciudad de Sevilla"]
[Site "?"]
[Date "2010.01.15"]
[Round "8"]
[White "Vazquez Igarza, Renier"]
[Black "Hamdouchi, Hicham"]
[Result "1/2-1/2"]
[WhiteElo "2560"]
[BlackElo "2601"]
[PlyCount "22"]
[EventDate "2010.01.11"]
[SourceDate "2010.01.08"]

1. d4 Nf6 2. c4 c5 3. d5 e6 4. Nc3 exd5 5. cxd5 d6 6. e4 g6 7. f4 Bg7 8. Bb5+
Nbd7 9. e5 dxe5 10. fxe5 Nh5 11. e6 Qh4+ {Diagrama #} (11... Qh4+ 12. Kd2 (12.
Kf1 fxe6 13. Nf3 O-O 14. dxe6 Ne5 15. Qd5 Kh8 16. Bh6 Ng3+ 17. Kg1 Qxh6 18. Re1
Nxf3+ 19. gxf3 Bd4+ 20. Kg2 Nf5 {
0-1 Hecht,C (2022)-Schmidt,A (2053)/Bayern 2003}) 12... fxe6 (12... Bh6+ 13.
Kc2 Bxc1 14. Rxc1 a6 15. exd7+ Bxd7 16. Bxd7+ Kxd7 17. Nf3 Qf6 18. Kb1 b5 19.
Rf1 Qd6 20. g3 f5 21. g4 Ng7 22. gxf5 gxf5 23. Ng5 Qg6 24. Ne6 {
1-0 Kasparov,G (2838)-Anagnostopoulos,I/Patras 2001}) 13. dxe6 O-O 14. exd7
Bxd7 15. Bxd7 Rf2+ 16. Nge2 Rd8 17. Qb3+ c4 18. Qb5 Kh8 19. Rd1 Nf4 20. g3
Bxc3+ 21. Kxc3 Nxe2+ 22. Kb4 Qf6 23. Bg5 Qxb2+ 24. Kc5 Qe5+ 25. Kb4 a5+ 26.
Kxa5 Ra8+ 27. Kb6 Qb8 28. Qb2+ c3 29. Qb3 Nd4 30. Qd5 Qa7+ 31. Kc7 b5+ 32. Kd6
Qb6+ 33. Bc6 Nf5+ 34. Ke6 Ng7+ 35. Kd6 Ne8+ 36. Ke7 Qc7+ 37. Bd7 Qd8+ 38. Ke6
Re2+ 39. Kf7 Nd6+ 40. Qxd6 Qg8+ 41. Kf6 Qg7# {
0-1 Ivanov,J (2406)-Cheparinov,I (2550)/Seville 2004}) 1/2-1/2

[Event "XXXV Abierto Ciudad de Sevilla"]
[Site "?"]
[Date "2010.01.15"]
[Round "8"]
[White "Saravavanan, V."]
[Black "Franco Ocampos, Zenon"]
[Result "1-0"]
[WhiteElo "2356"]
[BlackElo "2535"]
[PlyCount "81"]
[EventDate "2010.01.11"]
[SourceDate "2010.01.08"]

1. Nf3 c5 2. c4 Nf6 3. Nc3 d5 4. cxd5 Nxd5 5. d4 Nxc3 6. bxc3 g6 7. e4 Bg7 8.
Rb1 O-O 9. Be2 b6 10. O-O Bb7 11. Qd3 Ba6 12. Qe3 Qc8 13. Re1 Bxe2 14. Rxe2 (
14. Qxe2 Qa6 15. dxc5 Bxc3 16. Qxa6 Nxa6 17. Re3 Bb4 18. cxb6 axb6 19. Ba3 Bxa3
20. Rxa3 Nc5 21. Re3 Rxa2 22. Rxb6 Ra1+ 23. Ne1 Rd8 24. Rb2 Rdd1 25. Rbe2 Nd3
26. Kf1 Nf4 27. Rc2 Nd3 28. Rce2 e5 29. g3 g5 {
0-1 Mueller,L (2220)-Licina,A (2125)/Bern 1994}) 14... e6 15. e5 Nc6 16. Qe4
Qa6 17. Bg5 Rac8 18. Bf6 Rc7 $2 (18... cxd4 19. cxd4 $14) 19. dxc5 bxc5 20. Rd2
$16 Ne7 21. c4 Nc6 22. Rbd1 Na5 23. Bxg7 Kxg7 24. Qf4 {Diagrama #} Nxc4 $2 (
24... Nc6) 25. Qf6+ Kg8 26. Rd8 $18 Rc8 27. Ng5 Rcxd8 28. Rxd8 Nxe5 29. Rxf8+
Kxf8 30. Qxe5 Qxa2 31. Nxh7+ Ke8 32. h3 Qb1+ 33. Kh2 Qb6 34. f4 a5 35. Nf6+ Kd8
36. Ne4 c4 37. Qf6+ Ke8 38. Qh8+ Ke7 39. Qc8 Qd4 40. Qc7+ Kf8 41. Ng5 1-0

[Event "XXXV Abierto Ciudad de Sevilla"]
[Site "?"]
[Date "2010.01.15"]
[Round "8"]
[White "Bhat, Vinay"]
[Black "Lemos, Damian"]
[Result "1-0"]
[WhiteElo "2540"]
[BlackElo "2544"]
[PlyCount "55"]
[EventDate "2010.01.15"]
[SourceDate "2010.01.08"]

1. d4 d5 2. c4 c6 3. Nf3 Nf6 4. Nc3 e6 5. e3 Nbd7 6. Qc2 Bd6 7. Bd3 O-O 8. O-O
dxc4 9. Bxc4 b5 10. Be2 Bb7 11. Rd1 Qb8 12. e4 e5 13. dxe5 Nxe5 14. Nd4 Ned7
15. g3 g6 (15... Re8 16. a3 a6 17. Nf5 Bf8 18. Bf4 Ne5 19. Bg5 Ned7 20. Bf3 c5
21. Ne3 h6 22. Bf4 Ne5 23. Bg2 c4 24. Ned5 Nfd7 25. Bh3 Nc5 26. Bg2 Nb3 27.
Rab1 Bc5 28. Be3 Bxe3 29. Nxe3 Qa7 30. Nf5 Bc6 31. Nd5 Bxd5 32. Rxd5 Nc5 33. h3
Ncd3 34. Rf1 Rad8 35. Rxd8 Rxd8 36. Kh2 Nc6 37. Qc3 Nd4 38. Ne3 Ne6 39. Nd1 Qd4
40. Qd2 Nec5 41. Nc3 Nb3 42. Qc2 Qc5 43. f4 Qe3 44. Rd1 Nd4 45. Qd2 Qxd2 46.
Rxd2 a5 47. Nd5 Nb3 48. Re2 Nd4 {
1/2-1/2 Lajthajm,B (2425)-Sedlak,N (2460)/Stara Pazova 2001/CBM 082}) 16. Be3 (
16. f4 Bc5 17. Be3 Re8 18. Bf3 Bb6 19. Bf2 b4 {
1/2-1/2 Trofimov,S (2412)-Kapnisis,S (2437)/Moscow 2005/EXT 2006}) 16... b4 17.
Na4 c5 18. Nb3 {Diagrama #} Nxe4 $2 (18... Bxe4) 19. Na5 $18 f5 20. f3 Ndf6 21.
Nxb7 Bxg3 22. Bc4+ Kh8 23. hxg3 Ng4 24. Bf4 Qxb7 25. fxg4 Rae8 26. g5 h6 27.
Bd5 Qe7 28. Bxe4 1-0

[Event "XXXV Abierto Ciudad de Sevilla"]
[Site "?"]
[Date "2010.01.15"]
[Round "8"]
[White "Blanco, Cristobal"]
[Black "Andersson, Ulf"]
[Result "1/2-1/2"]
[WhiteElo "2379"]
[BlackElo "2575"]
[PlyCount "51"]
[EventDate "2010.01.15"]
[SourceDate "2010.01.08"]

1. e4 c5 2. Nf3 d6 3. d4 cxd4 4. Nxd4 Nf6 5. Nc3 a6 6. h3 e6 7. g4 d5 8. Bg2
Nxe4 9. Nxe4 dxe4 10. Bxe4 Be7 (10... e5 11. Nf5 Qxd1+ 12. Kxd1 Nd7 (12... Nc6)
13. c3 Nc5 14. Bg2 Be6 15. Be3 O-O-O+ 16. Kc2 g6 17. Ng3 f5 18. Rhe1 e4 19.
gxf5 gxf5 20. Ne2 Nd3 21. Red1 Bc5 22. Nd4 Bxd4 23. Bxd4 Rhg8 24. Bf1 Rxd4 25.
cxd4 Nxf2 26. Rd2 e3 27. Rxf2 exf2 28. Kd2 f4 29. Ke2 Rg3 30. h4 Kc7 31. Kxf2
Bd5 32. Rc1+ Kd6 33. Rc8 Bxa2 34. Bg2 Rb3 35. Rc2 Bb1 36. Rd2 b5 37. Bf3 a5 38.
d5 a4 39. Be2 Be4 40. Rd4 Bxd5 {0-1 Lutikov,A (2515)-Zaichik,G/Tbilisi 1979})
11. Be3 Nd7 12. Qf3 (12. Qe2 Nf6 13. Bg2 Nd5 14. O-O-O Nxe3 15. Qxe3 Qc7 16. f4
O-O 17. Be4 Rd8 18. Qf3 Rb8 19. Kb1 Bf6 20. Nb3 Bd7 21. g5 Be7 22. h4 Bc6 23.
Nd4 Bxe4 24. Qxe4 Bc5 25. Nf3 Bd6 26. Rd4 Bc5 27. Rdd1 Bd6 28. Rd4 Bc5 29. Rdd1
{1/2-1/2 Mikhaletz,L (2390)-Buturin,V (2465)/Lvov 1997}) 12... Qa5+ 13. c3 Ne5
14. Qe2 O-O 15. f4 Ng6 16. O-O-O e5 (16... Qxa2 17. Bb1 Qa1 18. h4 $13) 17. Nf5
Bxf5 18. gxf5 Nxf4 19. Bxf4 exf4 20. Bxb7 Bg5 21. Qg4 (21. Qf3) 21... Rab8 $15
22. Qxg5 Rxb7 23. a3 Rb5 24. Rhg1 g6 25. Qxf4 Rxf5 26. Qd4 {Diagrama #} 1/2-1/2

[Event "XXXV Abierto Ciudad de Sevilla"]
[Site "?"]
[Date "2010.01.15"]
[Round "8"]
[White "Carretero, Francisco"]
[Black "Rivas, Manuel"]
[Result "0-1"]
[WhiteElo "2243"]
[BlackElo "2531"]
[PlyCount "92"]
[EventDate "2010.01.15"]
[SourceDate "2010.01.08"]

1. Nc3 d5 2. e4 dxe4 3. Nxe4 Bf5 4. Qf3 Qd5 5. Nc3 Qxf3 6. Nxf3 Nf6 7. Bc4 e6
8. d3 a6 9. Bf4 Bd6 10. Bxd6 cxd6 11. Nh4 Bg6 12. Nxg6 hxg6 13. d4 d5 14. Bd3
g5 15. Ne2 Nc6 16. c3 Kd7 17. h3 g4 18. Kd2 gxh3 19. Rxh3 Rxh3 20. gxh3 Rh8 21.
Rg1 g6 22. Rg3 Ne7 23. Ng1 $6 (23. Rf3) 23... Nf5 24. Bxf5 exf5 $15 25. Re3
Ne4+ 26. Ke1 Kd6 27. Kf1 f4 28. Re1 Ng5 29. Kg2 f6 30. a4 b6 31. f3 (31. Nf3 $5
) 31... Ne6 $17 32. Ne2 g5 33. Nc1 Ng7 34. Nd3 Nf5 35. a5 Ne3+ 36. Kh2 bxa5 37.
Ra1 Nc4 (37... Kc6 38. Rxa5 Kb6 $15) 38. b3 Nd2 39. Rxa5 Nxf3+ 40. Kg2 Nd2 41.
Rxa6+ Ke7 42. Nc5 Kf7 {Diagrama #} 43. Nd7 $2 (43. Ra2) 43... f3+ $19 44. Kg3
Ne4+ 45. Kxf3 Rxh3+ 46. Kg4 Nf2+ 0-1

[Event "XXXV Abierto Ciudad de Sevilla"]
[Site "?"]
[Date "2010.01.15"]
[Round "8"]
[White "Torres Ventosa, Pedro"]
[Black "Barrero Garcia, Carlos"]
[Result "1-0"]
[WhiteElo "2148"]
[BlackElo "2421"]
[PlyCount "59"]
[EventDate "2009.11.14"]
[SourceDate "2010.01.08"]

1. e4 c5 2. Nf3 e6 3. c3 d5 4. exd5 exd5 5. d4 Nc6 6. Be2 Bd6 7. dxc5 Bxc5 8.
O-O Nge7 9. Nbd2 O-O 10. Nb3 Bb6 11. Bg5 f6 {h6 y Ag4 son las alternativas} 12.
Bf4 Ng6 13. Bg3 f5 14. h3 (14. h4 f4 15. Bh2 Bg4 16. Ng5 Nxh4 17. Bxg4 Qxg5 18.
Be6+ Kh8 19. Qg4 Qh6 20. Bxd5 Rf5 21. Bxc6 bxc6 22. g3 fxg3 23. Bxg3 Rg5 24.
Qf4 Ng6 25. Qd6 Rd8 26. Rae1 Ne5 27. Qxh6 Nf3+ 28. Kh1 gxh6 29. Re7 Rg7 30.
Rxg7 Kxg7 31. Kg2 Nd2 32. Nxd2 Rxd2 33. Be5+ Kg6 34. c4 Kf5 35. Bc3 Rc2 36. Kg3
h5 37. Rh1 Bxf2+ 38. Kf3 h4 39. Rh2 Rxc3+ 40. bxc3 Bg3 41. Rb2 Ke5 42. Rd2 Ke6
43. Rd8 Ke7 44. Ra8 Kd6 45. Rxa7 Kc5 46. Rb7 Be1 47. Ke2 Bxc3 48. Kd3 Be5 49.
Rxh7 Bg3 50. Kc3 Be1+ 51. Kb3 Bg3 52. Rh5+ Kb6 53. c5+ Kb5 54. a4+ Ka5 55. Rh6
{1-0 Naiditsch,I (2059)-Jovalekic,O (2107)/Winterberg 2002}) 14... f4 15. Bh2
Kh8 16. Qd2 Bf5 17. Nbd4 Bd7 18. Rad1 Qf6 19. Nc2 (19. Nb3) 19... Rae8 20. Bb5
Rd8 21. Qxd5 $6 Bg4 $17 22. Qe4 Rde8 23. Qd5 Bxf3 24. Qxf3 Nh4 25. Qg4 {
Diagrama #} Ne5 $2 (25... Re5 $17) 26. Qxf4 Qg6 27. Qg3 Qxc2 28. Bxe8 Bxf2+ 29.
Kh1 Rf5 30. Ba4 1-0

[Event "XXXV Abierto Ciudad de Sevilla"]
[Site "?"]
[Date "2010.01.15"]
[Round "8"]
[White "Barrios Muñoz, Rafael"]
[Black "Cabrera Trujillo, Jorge"]
[Result "1/2-1/2"]
[WhiteElo "2152"]
[BlackElo "2384"]
[PlyCount "46"]
[EventDate "2009.11.14"]
[SourceDate "2010.01.08"]

1. d4 d5 2. Nf3 Nf6 3. c4 c6 4. Nc3 e6 5. Bg5 Be7 6. e3 O-O 7. cxd5 Nxd5 8.
Bxe7 Qxe7 9. Bd3 Nd7 10. Nxd5 exd5 11. O-O Nf6 12. h3 Ne8 13. Rc1 g6 14. Rc5
Bd7 15. a3 Nd6 16. b4 b6 17. Rc3 b5 18. Rc5 f6 19. Qc2 a5 20. Rb1 axb4 21. axb4
Ra4 {Diagrama #} 22. Rxc6 Bxc6 23. Qxc6 Rb8 (23... Rb8 24. Qxd5+ Kh8 25. e4 $16
) 1/2-1/2

[Event "XXXV Abierto Ciudad de Sevilla"]
[Site "?"]
[Date "2010.01.15"]
[Round "8"]
[White "Barria Zuñiga, Daniel"]
[Black "Steinhauser, Thomas"]
[Result "1-0"]
[WhiteElo "2430"]
[BlackElo "2128"]
[PlyCount "39"]
[EventDate "2009.11.14"]
[SourceDate "2010.01.08"]

1. d4 Nf6 2. c4 c5 3. d5 b5 4. Qc2 bxc4 5. e4 d6 6. Bxc4 g6 7. Nc3 Bg7 8. Nf3
Nbd7 9. h3 O-O 10. O-O Nb6 11. Be2 e6 12. dxe6 Bxe6 13. Bg5 Qb8 14. Rfd1 {
Diagrama #} Nbd7 $2 (14... h6 $16) 15. Rd2 $18 Ne5 16. Rad1 c4 17. Nd4 Bd7 18.
f4 Qb6 19. Bxf6 Bxf6 20. Nd5 1-0

[Event "XXXV Abierto Ciudad de Sevilla"]
[Site "?"]
[Date "2010.01.15"]
[Round "8"]
[White "Razmyslov, Alexander"]
[Black "Melero Fidalgo, Juan de Dios"]
[Result "1/2-1/2"]
[WhiteElo "2431"]
[BlackElo "2162"]
[PlyCount "62"]
[EventDate "2009.11.14"]
[SourceDate "2010.01.08"]

1. d4 Nf6 2. c4 e6 3. Nc3 Bb4 4. e3 b6 5. Nge2 c5 6. a3 Ba5 7. Rb1 Na6 8. Bd2
Bxc3 9. Nxc3 Bb7 10. d5 exd5 11. cxd5 Nc7 12. e4 Qe7 13. Qe2 d6 14. f3 O-O 15.
Kf2 Rae8 16. Qd1 a6 17. b4 Bc8 18. bxc5 bxc5 19. Be2 Nd7 20. Re1 f5 21. exf5
Rxf5 22. Kg1 Qh4 23. f4 Rff8 24. Qa4 Qd8 25. Qc6 $14 Nf6 (25... Qf6) 26. Bf3
Nb5 27. Nxb5 axb5 28. Qxb5 Bf5 29. Ra1 (29. Rxe8 Rxe8 30. Re1 Rxe1+ 31. Bxe1
Qe7 32. Bf2 $16) 29... Be4 $14 30. Bxe4 Nxe4 {Diagrama #} 31. Be3 $6 (31. Qd3)
31... Qa8 1/2-1/2

[Event "XXXV Abierto Ciudad de Sevilla"]
[Site "?"]
[Date "2010.01.15"]
[Round "8"]
[White "Starostits, Ilmars"]
[Black "Medina Carrasco, Santiago"]
[Result "1-0"]
[WhiteElo "2471"]
[BlackElo "2186"]
[PlyCount "77"]
[EventDate "2010.01.11"]
[SourceDate "2010.01.08"]

1. e4 e5 2. Nf3 d6 3. Nc3 Nf6 4. Bc4 Be7 5. O-O O-O 6. d4 exd4 7. Nxd4 a6 8. a4
c5 9. Nf5 Be6 10. Nd5 Nxd5 11. Bxd5 Nc6 12. Ra3 Qd7 13. Rg3 Bxf5 14. exf5 {
Diagrama #} Qxf5 $6 (14... Bf6) 15. Re1 Bf6 $2 (15... Qd7) 16. Be4 $18 Qd7 17.
Bxh7+ Kxh7 18. Qh5+ Kg8 19. Rh3 Qxh3 20. Qxh3 Rfe8 21. Rxe8+ Rxe8 22. Kf1 Nd4
23. Qd7 Re6 24. Qxb7 Nxc2 25. Bd2 Bg5 26. Qb8+ Kh7 27. Qb3 Nd4 28. Qd3+ Kh6 29.
f4 Rf6 30. Qh3+ Kg6 31. g4 Rxf4+ 32. Bxf4 Bxf4 33. Qh5+ Kf6 34. h4 g6 35. Qh8+
Ke7 36. Qa8 Kf6 37. Qxa6 Nf3 38. a5 Be5 39. Qd3 1-0

[Event "XXXV Abierto Ciudad de Sevilla"]
[Site "?"]
[Date "2010.01.15"]
[Round "8"]
[White "Diogo, Vasco"]
[Black "Korneev, Oleg"]
[Result "1/2-1/2"]
[WhiteElo "2303"]
[BlackElo "2573"]
[PlyCount "78"]
[EventDate "2009.11.14"]
[SourceDate "2010.01.08"]

1. e4 e5 2. Nf3 Nc6 3. d4 exd4 4. Nxd4 Bc5 5. Nxc6 Qf6 6. Qf3 bxc6 7. Nc3 d6 8.
Bc4 Ne7 (8... Bd4) 9. Qxf6 gxf6 10. Na4 Bd4 11. c3 Bb6 12. Nxb6 (12. O-O f5 13.
exf5 Bxf5 14. Re1 Rg8 15. Kf1 $14) 12... axb6 13. O-O Be6 14. Bxe6 (14. Bd3)
14... fxe6 15. Re1 h5 16. a3 c5 17. Be3 (17. b3) 17... c4 $15 18. Rad1 Nc6 19.
f4 Ke7 20. Bc1 Rag8 21. Re3 Na5 22. Rg3 Nb3 23. Be3 {Diagrama #} Nc5 (23...
Rxg3 24. hxg3 d5 25. exd5 Rd8 $17) 24. Bxc5 bxc5 25. Rxg8 Rxg8 26. Ra1 Rg4 27.
g3 e5 28. fxe5 fxe5 29. Re1 Kd7 30. Kf2 Kc6 31. h3 Rg8 32. Kf3 Kb5 33. g4 hxg4+
34. hxg4 Ka4 35. Kg3 Kb3 36. Re2 c6 37. Rd2 Rg6 38. Kh4 d5 39. Kh5 Rg8 {
Diagrama #} 1/2-1/2

[Event "XXXV Abierto Ciudad de Sevilla"]
[Site "?"]
[Date "2010.01.15"]
[Round "8"]
[White "Rizouk, Aimen"]
[Black "Hamdouchi, Adina-Maria"]
[Result "1-0"]
[WhiteElo "2532"]
[BlackElo "2295"]
[PlyCount "95"]
[EventDate "2010.01.15"]
[SourceDate "2010.01.08"]

1. e4 g6 2. d4 Bg7 3. Nc3 d6 4. Be3 Nf6 5. Qd2 a6 6. Nf3 O-O 7. Bd3 Nc6 8. d5
Ne5 9. Nxe5 dxe5 10. a4 e6 11. dxe6 Bxe6 12. a5 Ng4 13. Bc5 Re8 14. f3 Nf6 15.
Qf2 Nd7 16. Be3 f5 17. Qe2 f4 18. Bf2 Qg5 19. Bc4 Qe7 (19... Qxg2 20. Bxe6+
Rxe6 21. O-O-O $16) 20. O-O Nf6 21. Na4 Bf8 22. Rfd1 Bxc4 23. Qxc4+ Qf7 24. Qc3
g5 25. Nc5 Bxc5 26. Qxc5 Re6 (26... g4) 27. Rd2 Rae8 28. Rad1 Kg7 29. Qb4 c6
30. Rd3 g4 31. fxg4 Nxg4 32. Rd7 {Diagrama #} R8e7 $2 (32... R6e7 $11 33. Qxb7
$2 Rd8 $19) 33. Qxb7 Nxf2 34. Kxf2 Kf6 35. Qc8 Kg7 36. Qd8 Qf8 37. Rxe7+ Rxe7
38. Qxf8+ Kxf8 39. Rd8+ Kf7 40. Ra8 Rd7 41. Rxa6 Rd2+ 42. Kf3 Rxc2 43. Rb6 Rc5
44. a6 Ke7 45. a7 Ra5 46. Rb7+ Kf6 47. Rxh7 c5 48. Kg4 1-0

[Event "XXXV Abierto Ciudad de Sevilla"]
[Site "?"]
[Date "2010.01.15"]
[Round "8"]
[White "Pogorelov, Ruslan"]
[Black "Sgnaolin, Davide"]
[Result "1-0"]
[WhiteElo "2474"]
[BlackElo "2220"]
[PlyCount "61"]
[EventDate "2009.11.14"]
[SourceDate "2010.01.08"]

1. Nf3 c5 2. c4 Nc6 3. d4 cxd4 4. Nxd4 g6 5. e4 Bg7 6. Be3 Nf6 7. Nc3 Ng4 8.
Qxg4 Nxd4 9. Qd1 e5 10. Bd3 O-O 11. O-O d6 12. Nb5 Nxb5 13. cxb5 d5 14. exd5
Qxd5 15. Qc2 e4 16. Bxe4 Qxb5 17. a4 Qe5 18. Rfd1 Re8 19. Bd5 Bg4 20. Qc4 Be6
21. Bxe6 Rxe6 22. Rab1 a6 23. Rd5 Qe4 24. Qxe4 Rxe4 25. b3 Rc8 26. Kf1 Bf6 27.
Rbd1 Ree8 28. Rd7 Rb8 (28... Red8 $14) 29. Bh6 b5 30. axb5 axb5 31. R1d5 {
Diagrama # ilegible} 1-0

[Event "XXXV Abierto Ciudad de Sevilla"]
[Site "?"]
[Date "2010.01.16"]
[Round "8"]
[White "Spraggett, Kevin"]
[Black "Ivanov, Jordan"]
[Result "1-0"]
[WhiteElo "2586"]
[BlackElo "2409"]
[PlyCount "145"]
[EventDate "2010.01.11"]
[SourceDate "2010.01.08"]

1. e4 c5 2. Nf3 e6 3. d4 cxd4 4. Nxd4 Nc6 5. Nb5 d6 6. c4 Nf6 7. N5c3 Be7 8.
Be2 b6 9. O-O Bb7 10. Bf4 O-O 11. Re1 a6 12. Bf1 Rc8 13. Nd2 Qc7 14. Rc1 Qb8
15. a3 Rfd8 16. b4 Ne5 17. Bg3 Ng6 18. f4 Nd7 19. Nf3 Bf6 20. f5 Nge5 21. fxe6
fxe6 22. Qb3 Re8 23. Nb1 Bc6 24. Nbd2 Kh8 25. Kh1 Nf7 26. c5 bxc5 27. Bxa6 Rcd8
28. Bc4 Nf8 29. b5 Bb7 30. a4 Qa8 31. Bd3 Nd7 32. Bc2 Nfe5 33. Nxe5 {Diagrama #
} Bxe5 $2 (33... Nxe5) 34. Nc4 $18 Bxg3 (34... Qb8 35. a5 $18) 35. Qxg3 d5 36.
Nd6 Rf8 37. e5 d4 38. Qh4 h6 39. Qg3 c4 40. Nxc4 $6 (40. Nxb7 Qxb7 41. Be4 $18)
40... Nc5 41. Nd6 d3 42. Bxd3 {Diagrama #} Nxd3 $2 (42... Bxg2+ 43. Kg1 Rf3 44.
Qxg2 Nxd3 45. Rc7 g5 46. Rd1 $18 (46. Ra1 Rxd6 47. exd6 Qe4 $11)) 43. Qxd3
Bxg2+ 44. Kg1 Bd5 45. Qd4 Rxd6 46. exd6 Qd8 47. Rc3 Qxd6 48. Rg3 Rf6 49. Rc1
Qf8 50. a5 Rf4 51. Qe3 $6 (51. Qd3) 51... Bc4 52. Rxc4 $2 (52. h3) 52... Rxc4
$11 53. b6 Ra4 $6 (53... Qb4) 54. Qe5 Rb4 (54... Rc4) 55. h3 $18 Kh7 56. Rg2 (
56. b7 $1) 56... g5 57. Qc7+ (57. a6 $1) 57... Kg6 58. Qc2+ Kh5 59. Qe2+ Kg6
60. Qxe6+ Kh5 61. Qe2+ Kg6 62. Qc2+ Kh5 63. Rf2 Qd6 64. Qc3 Kh4 65. Rd2 Qf4 66.
Kg2 Qe4+ 67. Qf3 Qxf3+ 68. Kxf3 Kxh3 69. Rd6 g4+ 70. Ke2 h5 71. a6 g3 72. a7 g2
73. Rd1 1-0

[Event "XXXV Abierto Ciudad de Sevilla"]
[Site "?"]
[Date "2010.01.16"]
[Round "9"]
[White "Melero Fidalgo, Juan De Dios"]
[Black "Blanco, Cristobal"]
[Result "0-1"]
[WhiteElo "2162"]
[BlackElo "2379"]
[PlyCount "66"]
[EventDate "2010.01.06"]
[SourceDate "2010.01.08"]

1. d4 Nf6 2. c4 e6 3. Nf3 b6 4. e3 Ba6 5. Bd3 Bb4+ 6. Nbd2 O-O 7. a3 Be7 8. g4
Nxg4 9. Rg1 f5 10. b4 Bh4 11. Nxh4 Qxh4 12. Qf3 $2 (12. Qe2) 12... Bb7 {
Diagrama #} 13. e4 Nxf2 14. Qxf2 Qxf2+ 15. Kxf2 fxe4+ 16. Ke3 exd3 17. Kxd3 Nc6
18. Bb2 d5 19. b5 Ne7 20. c5 c6 21. a4 Ng6 22. Rg3 Rf2 23. h3 Raf8 24. a5 bxc5
25. dxc5 cxb5 26. Bd4 Rh2 27. c6 Bxc6 28. Bxa7 e5 29. Rc1 Bd7 30. Nf3 e4+ 31.
Kd4 exf3 32. Rxg6 hxg6 33. Rc8 Bxc8 0-1

[Event "XXXV Abierto Ciudad de Sevilla"]
[Site "?"]
[Date "2010.01.16"]
[Round "9"]
[White "Ivanov, Jordan"]
[Black "Perera Casiñas, Antonio"]
[Result "1-0"]
[WhiteElo "2409"]
[BlackElo "2076"]
[PlyCount "39"]
[EventDate "2010.01.06"]
[SourceDate "2010.01.08"]

1. d4 Nf6 2. c4 c5 3. d5 e6 4. Nc3 exd5 5. cxd5 d6 6. e4 g6 7. Bd3 Bg7 8. h3
O-O 9. Nf3 a6 10. a4 Re8 11. O-O c4 12. Bxc4 Nxe4 13. Nxe4 Rxe4 14. Bg5 Qb6 (
14... f6) 15. Bd3 {Diagrama #} Rb4 $2 (15... Re8) 16. a5 Qa7 17. Qe1 Rb3 18.
Qe8+ Bf8 19. Bh6 Nd7 20. Ng5 1-0

[Event "XXXV Abierto Ciudad de Sevilla"]
[Site "?"]
[Date "2010.01.15"]
[Round "8"]
[White "Muñoz Martin, Pablo"]
[Black "Coimbra, Margarida"]
[Result "1-0"]
[WhiteElo "2255"]
[BlackElo "2109"]
[PlyCount "37"]
[EventDate "2010.01.06"]
[SourceDate "2010.01.08"]

1. d4 d5 2. e3 Nf6 3. Bd3 e6 4. Nf3 c5 5. b3 Nc6 6. Bb2 Be7 7. a3 O-O 8. Nbd2
b6 9. Ne5 Bb7 10. Qf3 Qc7 11. O-O c4 12. bxc4 dxc4 13. Ndxc4 Nxd4 14. Qh3 Nf5
15. g4 Nd6 16. Nxd6 {Diagrama #} Qxd6 $2 (16... Bxd6) 17. Rad1 $16 Qc5 $2 (
17... Qc7) 18. Nd7 $18 Qc6 19. Nxf6+ 1-0

[Event "XXXV Abierto Ciudad de Sevilla"]
[Site "?"]
[Date "2010.01.16"]
[Round "9"]
[White "Lalic, Bogdan"]
[Black "Spraggett, Kevin"]
[Result "0-1"]
[WhiteElo "2494"]
[BlackElo "2586"]
[PlyCount "84"]
[EventDate "2010.01.06"]
[SourceDate "2010.01.08"]

1. d4 Nf6 2. c4 e6 3. Nf3 c5 4. d5 exd5 5. cxd5 d6 6. Nc3 g6 7. h3 Bg7 8. e4
O-O 9. Bd3 a6 10. a4 Nh5 11. O-O Nd7 12. Re1 Re8 13. g4 Nhf6 14. Bf4 h5 15. g5
Nh7 16. h4 Ne5 17. Nxe5 dxe5 18. Be3 f6 19. Qf3 fxg5 20. hxg5 Nxg5 21. Qg3 Nh3+
22. Kh1 Qf6 23. Bf1 Nf4 24. Bxc5 Bd7 25. a5 Rac8 26. Ba3 Bh6 27. Rac1 h4 28.
Qh2 $2 {Diagrama #} (28. Qe3) 28... Bg4 $19 29. Re3 Nh5 30. Rce1 Bxe3 31. Rxe3
Ng3+ 32. Kg1 Nxf1 33. Kxf1 Rc4 34. f3 Rec8 35. Ke1 Bd7 36. d6 Kg7 37. Rd3 h3
38. Rd5 Re8 39. Qg3 Rh8 40. Rd2 Rh5 41. Rf2 Qd8 42. f4 Qh4 0-1

[Event "XXXV Abierto Ciudad de Sevilla"]
[Site "?"]
[Date "2010.01.16"]
[Round "9"]
[White "Matamoros Franco, Carlos"]
[Black "Starostits, Ilmars"]
[Result "1/2-1/2"]
[WhiteElo "2545"]
[BlackElo "2471"]
[PlyCount "56"]
[EventDate "2010.01.06"]
[SourceDate "2010.01.08"]

1. c4 e5 2. g3 Nc6 3. Nc3 g6 4. Bg2 Bg7 5. e4 d6 6. Nge2 f5 7. d3 Nf6 8. O-O
O-O 9. Nd5 Nxd5 10. cxd5 Ne7 11. Qb3 Kh8 12. f4 c6 13. fxe5 dxe5 14. Be3 cxd5
15. exd5 Ng8 16. Nc3 b6 17. Nb5 Nf6 18. Rac1 Bd7 19. d6 Ng4 20. Bd2 Bxb5 21.
Bxa8 Qxd6 22. Bd5 $2 (22. Qxb5 Rxa8 23. Kg2) 22... Qd7 $17 23. Kh1 $2 (23. h3
$17) 23... h5 (23... a5 $19) 24. Bg5 h4 $2 (24... a5) 25. gxh4 Ba4 {Diagrama #}
(25... a5) 26. Qc4 Bb5 27. Qb3 Ba4 28. Qc4 Bb5 1/2-1/2